<?xml version='1.0' encoding='UTF-8'?>
  <record xmlns="http://www.loc.gov/MARC21/slim">
    <leader>00000cam a2200000 i 4500</leader>
    <controlfield tag="001">ocm66605040</controlfield>
    <controlfield tag="003">OCoLC</controlfield>
    <controlfield tag="005">20240326114618.1</controlfield>
    <controlfield tag="008">040523s1545    be            000 0 dut d</controlfield>
    <datafield tag="040" ind1=" " ind2=" ">
      <subfield code="a">NLGGC</subfield>
      <subfield code="b">dut</subfield>
      <subfield code="e">fobidrtb</subfield>
      <subfield code="c">NLGGC</subfield>
      <subfield code="d">OCLCO</subfield>
      <subfield code="d">OCLCL</subfield>
      <subfield code="d">OCLCQ</subfield>
    </datafield>
    <datafield tag="029" ind1="0" ind2=" ">
      <subfield code="a">NLGGC</subfield>
      <subfield code="b">264377524</subfield>
    </datafield>
    <datafield tag="035" ind1=" " ind2=" ">
      <subfield code="a">(OCoLC)66605040</subfield>
    </datafield>
    <datafield tag="245" ind1="0" ind2="0">
      <subfield code="a">Copie vanden mandemente ons genadichs Heeren des Keysers ende den statuyten ende ordinancien bij mijn heeren schoutet, borghermeesteren, scepenen, rentmeesters ende raede der stadt van Antwerpen dien naevolghende ghemaect opt stuck vanden vrijen ende oock den ghemeynen lordewagencruyders deser stadt, midsgaders den salaris ende loon opten arbeyt ghestelt ende oock den puncten ende articulen daer een yeghelyck hem dien aengaende schuldich is nae te regulerene.</subfield>
    </datafield>
    <datafield tag="260" ind1=" " ind2=" ">
      <subfield code="a">Ghedruckt Thantwerpen :</subfield>
      <subfield code="b">bij Jan Grapheus,</subfield>
      <subfield code="c">1545.</subfield>
    </datafield>
    <datafield tag="300" ind1=" " ind2=" ">
      <subfield code="a">[40] p. :</subfield>
      <subfield code="b">ill. ;</subfield>
      <subfield code="c">19 cm.</subfield>
    </datafield>
    <datafield tag="336" ind1=" " ind2=" ">
      <subfield code="a">tekst</subfield>
      <subfield code="b">txt</subfield>
      <subfield code="2">rdacontent/dut</subfield>
    </datafield>
    <datafield tag="337" ind1=" " ind2=" ">
      <subfield code="a">zonder medium</subfield>
      <subfield code="b">n</subfield>
      <subfield code="2">rdamedia/dut</subfield>
    </datafield>
    <datafield tag="338" ind1=" " ind2=" ">
      <subfield code="a">band</subfield>
      <subfield code="b">nc</subfield>
      <subfield code="2">rdacarrier/dut</subfield>
    </datafield>
    <datafield tag="510" ind1="0" ind2=" ">
      <subfield code="a">Van Someren 16</subfield>
    </datafield>
    <datafield tag="600" ind1="0" ind2="4">
      <subfield code="a">Karel</subfield>
      <subfield code="b">V,</subfield>
      <subfield code="c">keizer van het Duitse Rijk,</subfield>
      <subfield code="d">1500-1558.</subfield>
      <subfield code="0">(NL-LeOCL)068232535</subfield>
    </datafield>
    <datafield tag="700" ind1="0" ind2=" ">
      <subfield code="a">Karel</subfield>
      <subfield code="b">V,</subfield>
      <subfield code="c">keizer van het Duitse Rijk,</subfield>
      <subfield code="d">1500-1558.</subfield>
      <subfield code="1">https://id.oclc.org/worldcat/entity/E39PCjKck9K3DPWqhhkmXvg4YP</subfield>
    </datafield>
    <datafield tag="710" ind1="0" ind2=" ">
      <subfield code="a">Grapheus, Joannes (Antwerpen)</subfield>
      <subfield code="4">prt</subfield>
      <subfield code="0">(NL-LeOCL)077149963</subfield>
    </datafield>
    <datafield tag="936" ind1=" " ind2=" ">
      <subfield code="a">BATCHLOAD</subfield>
    </datafield>
  </record>